[Event "Cutro 05th"]
[Site "Cutro"]
[Date "1999.04.26"]
[Round "4"]
[White "Borgo, Giulio"]
[Black "Djuric, Stefan"]
[Result "1/2-1/2"]
[WhiteElo "2448"]
[BlackElo "2517"]
[Annotator "Smirin,I"]
[PlyCount "89"]
[EventDate "1999.04.??"]
[EventType "tourn"]
[EventRounds "11"]
[EventCountry "ITA"]
[EventCategory "10"]
[SourceTitle "CBM 071"]
[Source "ChessBase"]
[SourceDate "1999.08.01"]
[SourceVersion "1"]
[SourceVersionDate "1999.08.01"]
[SourceQuality "1"]

1. e4 c5 2. Nf3 Nc6 3. Bb5 g6 4. O-O Bg7 5. Bxc6 dxc6 6. d3 e5 7. a3 {[%cal
Gb2b4]} (7. Be3 Qe7 8. a4 (8. a3 $5 {[%cal Gb2b4,Yd1d2,Yd2c3]}) 8... Nf6 9. Na3
O-O 10. Rb1 Rd8 (10... Bg4 11. h3 Bd7 12. Qd2) 11. Qe1 Bg4 12. Nd2 Be6 13. Ndc4
Nd7 (13... Ng4 14. Bd2) 14. Na5 (14. b4 cxb4 15. Rxb4 b6 $132 {[%csl Ra3]})
14... Nb8 (14... Nb6 $5 15. Bxc5 Qxc5 16. Nxb7 Qd4 17. Nxd8 Rxd8 $13) (14...
Rab8 15. Qc3 $36 {[%cal Gb2b4]}) 15. Kh1 (15. Bxc5 $5) 15... Na6 {~~ Yudasin,
L-Vyzmanavin,A/Leon 1993}) 7... a5 {preventing b4} (7... Qe7 8. b4 $5) (7... f6
8. b4 Qe7 9. bxc5 Qxc5 10. a4 Qa5 11. Nbd2 Be6 12. Ba3 Bf8 13. Qb1 Qc7 14. Bxf8
Kxf8 15. Qb4+ Kg7 16. Rfb1 $14 {Lebedev,V-Kanygin,N/Moscow 1996 1-0 (36)}) 8.
Be3 (8. Nbd2 Bg4 9. h3 Bxf3 10. Qxf3 Qe7 11. a4 Nf6 12. Nc4 Nd7 13. Bd2 (13.
Qg3 $5 $14 {[%cal Gf2f4]}) 13... b6 14. Bc3 O-O 15. Qg3 Rab8 16. Rad1 Rfe8 17.
f4 $14 {Timman,J-Partenheimer,A/Essen Handicap 1994 1-0 (34)}) 8... b6 9. Nbd2
a4 10. Qb1 $5 Nh6 {[%cal Gb2b4]} (10... Ne7 $143 {[%csl Ge4,Re7][%cal Ge4d5,
Ge4f5]} 11. b4 cxb4 12. Qxb4 c5 13. Qb2 Nc6 14. Nc4 {[%cal Gc4b6,Gc4e5]} Rb8
15. Ncxe5 {[%cal Gb2b5]} (15. Nfxe5 b5 16. Nxc6 Bxb2 17. Nxd8 Bxa1 18. Nc6 Ra8
19. Rxa1 bxc4 20. Bxc5 $16) 15... O-O (15... Qc7 16. Qb5 Bb7 17. Bf4 $18 {
[%cal Ge5g6]}) 16. Nxc6 Bxb2 17. Nxd8 Bxa1 18. Nc6 $18) 11. Nxe5 Bxe5 12. Bxh6
Qh4 (12... Bxh2+ 13. Kxh2 Qh4+ 14. Kg1 Qxh6 15. Nc4 $16) 13. Nf3 Bxh2+ 14. Nxh2
Qxh6 15. b4 $32 axb3 (15... Qf8 16. bxc5 Qxc5 17. Qb2 O-O 18. d4 Qe7 19. Rfe1
$14) 16. Qxb3 Ra6 17. a4 O-O 18. Qc4 $14 {[%csl Rb6,Rc5,Rc6][%cal Ga4a5]
Weaknesses on the queenside and better pieses combination:Queen+Knight against
Q+B makes whites position preferable.} Ra5 $8 19. Rfb1 Be6 20. Qc3 c4 $1 $132 {
[%cal Ga5h5]} 21. Nf1 (21. Rxb6 Rh5 $19) 21... cxd3 22. cxd3 Qh4 23. Ng3 (23.
Rxb6 $2 Rh5 24. Ng3 Qh2+ 25. Kf1 Bg4 $19 {[%cal Rh2h1]}) 23... Rc5 24. Qb2 Rb8
25. d4 Rc4 26. a5 b5 27. a6 Qd8 28. d5 $5 (28. Ne2 $5 {keeping pressure}) 28...
cxd5 29. a7 Ra8 30. Qxb5 d4 (30... dxe4 $2 31. Qe5 $18 {[%cal Gb1b8,Gg3e4]} (
31. Nxe4 Rxe4 32. Qb8 Re1+ 33. Kh2 Rxb1 34. Rxb1 Bd5 35. Qxd8+ Rxd8 36. Rd1 $11
(36. Rb8 Rf8 $19))) 31. Ne2 (31. e5 Rc7 32. Qb8 Rc1+ 33. Kh2 Rc8 $13) 31...
Rcc8 32. Qe5 d3 33. Nf4 Bc4 34. Nd5 Bxd5 35. exd5 d2 $132 {[%cal Ga8a7]} 36.
Qd4 (36. Rd1 Rc7 37. Rxd2 Rcxa7 38. Rxa7 Rxa7 39. d6 $14) 36... Qg5 37. f4 Qf5
{[%cal Gf5b1]} 38. Qxd2 Rxa7 $11 39. Rxa7 Qxb1+ 40. Kh2 Qb6 41. Ra1 Qf6 42. Rd1
Qf5 43. Re1 Kg7 44. Qd4+ Qf6 45. Qe5 1/2-1/2

[Event "FRA-ch"]
[Site "Meribel"]
[Date "1998.08.28"]
[Round "15"]
[White "Fressinet, Laurent"]
[Black "Degraeve, Jean Marc"]
[Result "1/2-1/2"]
[WhiteElo "2455"]
[BlackElo "2580"]
[Annotator "Smirin,I"]
[PlyCount "63"]
[EventDate "1998.08.14"]
[EventType "tourn"]
[EventRounds "15"]
[EventCountry "FRA"]
[EventCategory "10"]
[SourceTitle "CBM 067"]
[Source "ChessBase"]
[SourceDate "1998.11.30"]
[SourceVersion "2"]
[SourceVersionDate "1998.11.01"]
[SourceQuality "1"]

1. e4 c5 2. Nf3 Nc6 3. Bb5 g6 4. O-O Bg7 5. c3 Nf6 6. e5 Nd5 7. d4 Nc7 8. Bxc6
$6 {Winning a pawn but giving to black the possibility to get more than
sufficient compensation. Other possibilities were:} (8. Ba4 O-O 9. dxc5 Nxe5
10. Nxe5 Bxe5 11. Bh6 Bg7 12. Bxg7 Kxg7 13. c4 Ne6 14. Nc3 Qa5 15. Nd5 Qxc5 16.
b4 Qxc4 17. Rc1 Qxa2 18. Re1 {[%csl Ra2][%cal Ge1e2,Yc1c3]} (18. Nxe7 Qb2 19.
Qd6 $44) 18... b5 $8 19. Bxb5 Bb7 $13 {1/2-1/2 Zaitsev,I-Nadyrhanov,S/
Voskresensk 1993 (47)}) (8. a4 $5 O-O 9. dxc5 Nxb5 10. axb5 Nxe5 11. Nxe5 Bxe5
12. Bh6 Re8 13. b6 a6 14. Na3 (14. Re1 $5) 14... d5 15. f4 Bf6 16. Nb5 Bg4 17.
Qxg4 axb5 18. Rxa8 Qxa8 19. Qd7 $36 {1-0 Ponce Navalon,J-Gomez Jurado,L/ESP-ch
1993 (24)}) 8... dxc6 9. dxc5 Qxd1 10. Rxd1 Bg4 11. Re1 (11. Nbd2 Bxe5 12. h3
Bxf3 13. Nxf3 Bg7 14. Be3 Rd8 $15) 11... Bxf3 12. gxf3 Ne6 $15 {Bad pawn
structure on kingside and weaknesses on queenside gives to black better
chances.} 13. b4 O-O-O 14. Kg2 Rd5 15. f4 Rhd8 16. Be3 Rd1 17. Na3 Rxa1 18.
Rxa1 Rd3 19. Rc1 Bh6 $1 $17 {returns a pawn and keeping positional pressure.}
20. Kf3 (20. f5 Bxe3 21. fxe3 gxf5 22. Nc4 {[%cal Gg2f3,Gf3e2]} Ng5 $17 {
[%csl Rc3][%cal Gg5e4]}) 20... Bxf4 21. Nc4 Bxh2 22. Ke4 Rd5 23. f4 h5 {
[%cal Gf7f5]} 24. f5 $5 {White has no time to wait. After manouvre Ne6-g7-f5
or f7-f5 black is winning.} gxf5+ 25. Kxf5 h4 26. Rf1 Bg3 (26... Rd3 $1 27. Bd2
Rg3 28. Rh1 Rg2 $19) (26... Bxe5 $5 27. Nxe5 f6 28. Bd4 (28. Kxe6 Rxe5+ 29. Kf7
Rxe3 $19) 28... Ng5 $5 29. Rh1 (29. Kf4 fxe5+ 30. Bxe5 Nf7 31. Bg7 Rg5 $19)
29... fxe5 30. Be3 e4+ $17) 27. Ke4 {[%csl Rf7]} h3 28. Rh1 h2 29. Kf3 Rd3 (
29... Bxe5 30. Nxe5 Rxe5 31. Rxh2 Kd7 $17) 30. Nb2 Rxe3+ $6 ({Correct} 30...
Rxc3 31. Nd1 Bxe5 32. Nxc3 Bxc3 33. Rxh2 (33. a3 Be5 $19) 33... Bxb4 $17 {
still keeps chanses to win}) 31. Kxe3 Bxe5 32. Nd3 $15 {[%cal Gd3e1,Ge1f3]}
1/2-1/2

[Event "Capablanca Memorial Elite 34th"]
[Site "Havana"]
[Date "1999.05.18"]
[Round "10"]
[White "De la Paz Perdomo, Frank"]
[Black "Becerra Rivero, Julio"]
[Result "0-1"]
[WhiteElo "2495"]
[BlackElo "2535"]
[Annotator "Smirin,I"]
[PlyCount "108"]
[EventDate "1999.05.??"]
[EventType "tourn"]
[EventRounds "13"]
[EventCountry "CUB"]
[EventCategory "12"]
[SourceTitle "CBM 071"]
[Source "ChessBase"]
[SourceDate "1999.08.01"]
[SourceVersion "1"]
[SourceVersionDate "1999.08.01"]
[SourceQuality "1"]

1. e4 c5 2. Nf3 Nc6 3. Bb5 g6 4. O-O Bg7 5. Re1 Nf6 6. e5 Nd5 7. Nc3 Nc7 8.
Bxc6 dxc6 9. Ne4 Ne6 (9... Bg4 10. d3 Ne6 11. Neg5 Nxg5 12. Bxg5 Qd5 13. Re4
Bf5 14. Re3 Be6 15. Qe1 h6 16. Bh4 b6 17. a4 Qd7 $11 {Thorhallsson,T-Chandler,
M/Mermaid Beach Club 1999 (37)}) 10. d3 b6 11. Be3 Nd4 (11... Qc7 12. a3 O-O
13. b4 cxb4 14. axb4 Rd8 15. Ra2 f5 16. exf6 exf6 17. Bc1 $5 {[%cal Gc1b2,
Yd1a1]} f5 18. Neg5 Nf8 19. Bb2 h6 20. Bxg7 Qxg7 21. Nh3 Be6 22. Ra1 Bd5 23.
Nf4 Bxf3 24. Qxf3 $14 {Krays,A-Brodsky,M/Invitational, Rishon LeZion ISR 1997 
(25)}) (11... O-O 12. Qd2 Nd4 13. Nxd4 cxd4 14. Bh6 Be6 (14... Qd5 15. Bxg7
Kxg7 16. Qg5 Qe6 17. Qh4 h6 18. Ng3 c5 19. f4 Re8 20. h3 Qd5 $132 {Golubev,
M-Mansurov,V/Yalta ,EXT 1995 1-0 (65)}) 15. h4 Qd7 16. h5 Bd5 17. Bxg7 Kxg7 18.
Qg5 h6 19. Qg3 Qf5 20. Qh4 Qe6 21. f4 Rg8 22. Re2 c5 23. b3 Bxe4 24. Rxe4 $13
Kh7 {Maljutin,E-Anka,E/Neuwied- 1994 0-1 (41)}) 12. c3 Nxf3+ 13. Qxf3 O-O 14.
Bf4 Bf5 (14... Qd5 15. c4 Qe6 16. h3 h6 17. Rad1 g5 18. Bh2 Bxe5 19. Bxe5 Qxe5
20. Ng3 Qf6 21. Qe4 Qe6 22. Qf3 Qf6 $11 {De la Paz,F-Andonovski,L/Guillermo
Garcia mem Masters, Villa Cla 1998/1-0 (56)}) 15. Rad1 Qc8 (15... Qd5 $5 {
[%cal Gd5a2]} 16. c4 Qd4 $13) 16. Qg3 Rd8 17. Qh4 Bxe4 18. Rxe4 Qe6 19. Re3 Rd7
({Too dangerouse for black is} 19... Qxa2 20. e6 $1 $40 (20. Qxe7 Qa4 {[%cal
Ga4f4,Ga4d1]}) (20. Rh3 h5 21. g4 Qa4 $19 {[%cal Ra4d1,Ra4f4]}) 20... f5 21.
Rh3 h5 22. Qxe7 Qa4 23. Qf7+ Kh7 24. Rxh5+ gxh5 25. Qxh5+ $11) 20. Bh6 Bh8 (
20... Bxe5 21. Qe4 (21. Bf4 Qf6 22. Bg5 Qd6 $15) 21... Rd5 22. f4 Qg4 $17) 21.
f4 Rad8 (21... Qxa2 22. f5 $40 {[%cal Ge5e6]}) 22. b3 b5 23. g4 {[%cal Gf4f5]}
f5 $8 24. h3 c4 25. bxc4 bxc4 26. d4 Rb8 $15 27. Re2 Bg7 $1 28. Bxg7 Kxg7 29.
gxf5 Qxf5 30. Qg4 Rf8 31. Qxf5 Rxf5 32. Rf2 {Passive defence is not the best
what white can do.Deserved attention more active} (32. Rb1 $5 {getting control
over open "b" file.} Rxf4 33. Rb4 c5 34. dxc5 a5 35. Rb5 Rd3 $15) 32... Rb7 33.
d5 Rd7 (33... cxd5 34. Rxd5 Rb1+ 35. Kg2 Rc1 36. Rd7 Kf7 37. Rxa7 Rxc3 $15) 34.
d6 exd6 35. e6 (35. Rxd6 Rxd6 36. exd6 Rd5 37. Re2 Rxd6 38. Re7+ Kf6 $15 {
[%cal Gf6f5,Gd6d3]}) 35... Rd8 36. e7 Re8 37. Rxd6 Rxe7 38. Rxc6 Re4 39. Rc7+
Rf7 40. Rxf7+ Kxf7 {More active pieses and couple of weaknesses in white
position gives to black good chanses to win this endgame.} 41. Rb2 Ke6 42. Rb7
h5 43. Rxa7 Re3 44. Kg2 Rxc3 45. Ra8 h4 46. Re8+ Kd6 $6 (46... Kf5 $17) 47. Rg8
Ra3 48. Rxg6+ Kd5 49. f5 Rxa2+ 50. Kf3 Ra3+ 51. Kf4 (51. Kg4 Rg3+ 52. Kxh4 (52.
Kh5 c3) 52... Rxg6 53. fxg6 Ke6 54. Kg5 c3 55. Kh6 c2 $19) 51... Rxh3 52. f6
Ke6 53. f7+ Kxf7 54. Rc6 Rc3 $19 {[%cal Gh4h3,Gf7d7]} 0-1

[Event "Bad Woerishofen op 14th"]
[Site "Bad Woerishofen"]
[Date "1998.03.10"]
[Round "5"]
[White "Mainka, Romuald"]
[Black "Solonar, Stefan"]
[Result "1-0"]
[WhiteElo "2500"]
[BlackElo "2315"]
[Annotator "Solonar,S"]
[PlyCount "91"]
[EventDate "1998.03.06"]
[EventType "swiss"]
[EventRounds "9"]
[EventCountry "GER"]
[SourceTitle "EXT 2015"]
[Source "ChessBase"]
[SourceDate "2014.11.20"]
[SourceVersion "1"]
[SourceVersionDate "2014.11.20"]
[SourceQuality "1"]

{Rochade Europa 6/1998 Seite 67} 1. e4 c5 2. Nf3 Nc6 3. Bb5 g6 4. Bxc6 bxc6 5.
O-O Bg7 6. Re1 f6 7. c3 Nh6 8. d4 cxd4 9. cxd4 d6 10. Qc2 Bd7 11. Nbd2 Nf7 12.
b3 Rc8 13. Ba3 O-O 14. Rad1 Qa5 15. Nc4 Qh5 16. Nfd2 Rfd8 17. Nf1 Re8 18. Bb2
Qb5 19. Nfe3 (19. Ng3 Qg5 $11) 19... d5 20. Nd2 e5 21. Nf3 Be6 22. Qb1 dxe4 23.
Qxe4 Bd5 24. Qg4 f5 $4 {[#]} (24... e4 $17) 25. Qh3 e4 $11 26. Ne5 $15 Nxe5 27.
dxe5 Bxe5 $11 28. Bxe5 Rxe5 29. Qg3 Rce8 30. h4 Qb7 31. Qf4 Qe7 32. Rd4 Qf7 33.
Red1 Kg7 34. R1d2 Kg8 35. b4 $17 Bxa2 36. Rd7 R5e7 37. Rxe7 Rxe7 38. h5 $19 Rd7
$4 $11 39. Qb8+ Kg7 40. Qe5+ Kh6 41. Qf4+ Kg7 42. Qe5+ Kh6 43. hxg6 hxg6 44.
Qh8+ Kg5 $4 $18 45. Rxd7 Qxd7 46. g3 1-0

[Event "EU-Cup 30th"]
[Site "Bilbao"]
[Date "2014.09.17"]
[Round "4.1"]
[White "Naiditsch, Arkadij"]
[Black "Sutovsky, Emil"]
[Result "0-1"]
[WhiteElo "2715"]
[BlackElo "2632"]
[Annotator "Sutovsky,E"]
[PlyCount "122"]
[EventDate "2014.09.14"]
[EventType "team-swiss"]
[EventRounds "7"]
[EventCountry "ESP"]
[SourceTitle "CBM 163"]
[Source "ChessBase"]
[SourceDate "2014.11.11"]
[SourceVersion "1"]
[SourceVersionDate "2014.11.11"]
[SourceQuality "1"]
[WhiteTeam "Taldea Gros Xake"]
[BlackTeam "Odlar Yurdu"]
[WhiteTeamCountry "ESP"]
[BlackTeamCountry "AZE"]

1. e4 c5 2. Nf3 Nc6 3. Bb5 {I had to be ready for 3.d4 and 3.Nc3, as Arkady
uses to vary his openings, and actually can even opt for a different first
move, rather than 1.e4! Still, the Rossolimo was quite a predictable choice -
but I did not expect my opponent to blitz out his first 17 moves...} g6 4. Bxc6
bxc6 {For a long time it was considered a sideline, comparing to 4...dxc6, but
nothing is constant in chess, except for the mate on the board ;)} 5. O-O Bg7
6. Re1 Nf6 {Another option is 6...Nh6, followed by ...f6 and ...Nf7. The move
in text is much more forcing.} 7. e5 Nd5 8. c4 Nc7 9. d4 cxd4 10. Qxd4 {
Main line. It was considered to be clearly better for White, but I'd rather
refer to it as "dangerous, but playable for Black".} O-O 11. Qh4 f6 12. Nc3 Ne6
13. Ne4 fxe5 14. Nfg5 Nxg5 15. Bxg5 {All this deserves either very detailed
explanation or... just a simple mention: this is the main line. Black seems to
be busted, and some 20 years ago we could see some theoretical aritcle, ending
here with an evaluation "and White has a very dangerous initiative". True, he
does. But modern chess is much more concrete!} Qb6 16. Rad1 Qxb2 17. Rd2 {
Only this one is a novelty. In an earlier game Zhigalko S - Guseinov G, White
opted for 17.g3 , and Black quickly collapsed. I guess, both Naiditsch and
myself knew how to meet 17.g3 properly, so he comes up with the poisonous move
in text.} Qb6 (17... Qb7 {For some reason, that is the move preferred by
computers, but I don't feel very comfortable with the fianchettoed queen after
18.c5 - so I modestly opted for the move indicated as the second-best choice
by all the engines. And analysed it a bit!} 18. c5 {is not bad, but White can
count on his long-term trumps.}) 18. c5 {Played after some thought. Only here
Arkady stopped blitzing, but of course, the move like 18.c5 is not too
difficult.} Qa5 19. f3 {And that one followed after a serious thought and was
quite unexpected. There were other moves, that I considered to be more
dangerous, but eventually Black seems to be OK everywhere.} d5 (19... Rb8 20.
Bxe7 Rf4 21. Qf2 {is playable for Black according to the computers, but I saw
no reason to suffer in this kind of position.}) 20. cxd6 exd6 21. Rxd6 (21.
Nxd6 Be6 {is simply good for me.}) 21... Bf5 22. Red1 {And here I spent about
half an hour over my move.} Rab8 ({Of course, the simplest is} 22... Bxe4 23.
Qxe4 Qxa2 {and eventually White will regain two (or in some cases even three)
pawns and liquidate into some drawn endgame. The play is rather simple here -
but I badly wanted to play for a win. It felt like I can afford to myself
taking some risk - however, in fact, simplifying was objectively the best
option. But no, I am not sorry for entering the complications!}) 23. Be7 $1 {
Critical one!} Bxe4 24. Bxf8 $1 {During the game I thought it was a mistake,
and I expected Naiditsch to play} (24. Qxe4 Qc5+ 25. Kh1 Rfe8 26. Bg5 $1 Rb4
27. Qxc6 Qxc6 28. Rxc6 e4 {when Black is optically better, but of course it's
a draw. However, the move played by Arkady is not only the most principled, it
is also the strongest!}) 24... Bd5 (24... Bxf8 $2 25. Rd7) 25. Be7 Qxa2 {
There were other tempting options (like ...Qc5+), but after another prolonged
thought I opted for the move in text. Correct decision!} 26. Re1 {Removing the
rook from all the possible attacks.} ({Another idea was} 26. h3 {and after} Qc2
27. Re1 Qf5 {a rather unusual position arises on board. My evaluation during
the game was wrong, as I thought Black can't be worse here. In fact, white
can't be worse here. Although most often += and =+ lead to the same outcome of
the game...}) 26... Qd2 27. Rd7 Rb2 {Too optimistic. Of course after 27...Qd4+
Black should hold without too much of a problem, but in the approaching mutual
time-trouble I underestimated White's resources.} 28. Qg3 Bh6 29. Rd8+ Kf7 30.
Ba3 {Arkady makes the most natural move and... goes wrong, although the move
30.Bh4! which probably gives White a decisive advantage simply does not com to
mind.} ({The point is that after} 30. Bh4 $3 {the critical f2- and e1-squares
are overprotected, and White can release the queen.} Bf4 31. Qh3 {and
ugly-looking white pieces create sudden harmony.}) 30... Rc2 $3 {I had 7
minutes to reach move 40 at this point, and after I made 30...Rc2, I was left
with slightly more than a minute (luckily with 30sec increment) - but it was a
really critical moment, and the only move was found. Black had several
alternatives, but all of them were losing:} (30... Bf4 31. Rf8+ Kg7 32. Rxf4
exf4 33. Bxb2+ {with check!} Qxb2 34. Qxf4) (30... Ra2 31. Rd7+ Kg8 32. Bc1 $1)
(30... Qd4+ 31. Kh1 Rb7 32. Qh3) 31. Rd7+ Kg8 32. Rd8+ Kf7 33. Rd7+ Kg8 34. Kh1
{The critical continuation, which I had to foresee in advance.} Bf4 35. Rb1
Rc1+ $1 {Only this one saves Black, but that's not the end of the line!} 36.
Rxc1 Bxg3 37. Rb1 e4 $1 {And now only this one - Black's semi-dead bishop
protects the b8-square from the l'echafaud!} 38. fxe4 $4 {Very bad decision.} (
{Of course, White had to play} 38. hxg3 Qh6+ 39. Kg1 Qe3+ 40. Kh1 {with a draw
being a fair result of the well-fought battle, but Arkady goes berserk in
time-trouble.}) 38... Qd3 $1 {Extremely powerful tiny move - now White has to
let my king escape, and Black is on top.} 39. Rd8+ Kg7 40. Rb7+ Kh6 (40... Bc7
41. Rxc7+ Kh6 {was a cleaner path to victory. I saw it, but I also saw, that
the move in the text leaves me with a technically winning position. Choosing
between two winning continuations may be too costly on move 40, so few second
before it did become too costly, I opted for 40...Kh6 and left for a smoke.
Well, not quite - I don't smoke. And I don't advice to anyone. But it felt
appropriate to leave for a smoke, after a smoke from the time-trouble has
dissipated.}) 41. Bf8+ Kg5 42. hxg3 Qxe4 {Black is technically winning. If
White was able to defend his g3-pawn, it would be not easy at all - but I
manage to pick it by force, and the rest is relatively simple.} 43. Rb2 Qe5 44.
Rdb8 Qxg3 45. R8b4 a5 46. Rb7 a4 47. Be7+ Kh5 48. Bc5 h6 49. Rf2 Qc3 50. Bb4
Qe3 51. Kg1 a3 52. Re7 Qd4 53. Bxa3 Qa1+ 54. Kh2 Qxa3 55. Re5+ g5 56. Ref5 Qe3
57. Rf6 Qe5+ 58. Kg1 c5 59. R6f5 Qd4 60. Kh2 c4 61. g3 Qe4 {Fierce battle
indeed!} 0-1

[Event "Dieren op"]
[Site "Dieren"]
[Date "2004.07.31"]
[Round "5"]
[White "Tiviakov, Sergei"]
[Black "Van der Weide, Karel"]
[Result "1-0"]
[WhiteElo "2601"]
[BlackElo "2471"]
[Annotator "Tiviakov,S"]
[PlyCount "83"]
[EventDate "2004.07.27"]
[EventType "swiss"]
[EventRounds "9"]
[EventCountry "NED"]
[SourceTitle "CBM 101 Extra"]
[Source "ChessBase"]
[SourceDate "2004.09.01"]
[SourceVersion "2"]
[SourceVersionDate "2004.09.01"]
[SourceQuality "1"]

1. e4 c5 2. Nc3 Nc6 3. Bb5 Nd4 4. Bc4 g6 5. Nf3 Bg7 6. O-O $5 d6 7. Nxd4 cxd4
8. Ne2 (8. Qf3 $5) 8... Nf6 9. d3 d5 $5 (9... Qb6 10. a4 $14 (10. c3)) 10. Bb5+
$1 (10. exd5 Nxd5 11. Re1 O-O $11 {1-0 Lau,R-Dinstuhl,V/Germany 2004/CBM 100 
(46)}) 10... Bd7 11. Bxd7+ (11. Nxd4 dxe4 12. dxe4 Nxe4 13. Bxd7+ Qxd7 $11 {
0-1 Sahovic,D-Kudrin,S/Valjevo 1984/MCD (51)}) 11... Nxd7 (11... Qxd7 12. e5
Ng4 13. f4 $16) 12. exd5 Nb6 13. c4 (13. Nf4 Nxd5 $11 {1/2-1/2 Hermanowicz,
D-Toma,K/Lubniewice 2002/CBM 91 ext (34)}) 13... dxc3 14. Nxc3 Nxd5 $146 (14...
O-O 15. Qb3 Qd7 16. Be3 Bxc3 17. bxc3 Nxd5 18. Bh6 Rfd8 19. c4 Nf6 20. Rad1 $14
{1-0 Najer,E-Kovchan,A/Swidnica 1999/EXT 2000 (57)}) 15. Qa4+ Kf8 16. Qb3 $1
Nxc3 (16... Nb6 17. Be3 $16 {/\a4}) 17. bxc3 h6 (17... Qxd3 18. Qxb7 Re8 19.
Qxa7 (19. Rb1 $5) 19... Bxc3 (19... Qxc3 20. Rb1 $16) 20. Bh6+ (20. Rb1 $5)
20... Bg7 21. Rad1 $16) (17... Qd7 18. a4 (18. d4 {/\a4})) (17... b6 $142 18.
d4 $14) 18. d4 b6 (18... Qd7 19. a4 $16 {/\a5, ><b7}) 19. a4 $5 (19. Ba3 Bf6
20. d5 (20. Rfe1 Kg7 {(/\e6)} 21. d5 Qd7 {(/\b5)} 22. Rab1 $14 {/\c4, Re4,
Rbe1, ><e7}) 20... Qd7 $140 $5 (20... Rc8 21. Rac1 {/\c4}) 21. Rad1 (21. Rab1
$14 {/\c4}) 21... Rc8 22. d6 e6 23. c4 Kg7 24. Rfe1 $14) 19... Bf6 20. Ba3 Kg7
{(/\e6)} 21. d5 (21. a5 $5 bxa5 22. Bc5 $14) (21. Rfe1 e6 $13) 21... a6 $8 (
21... Rc8 22. Rac1 $16 {/\c4, Rfe1, Re4, Rce1, ><e7}) {[#]} 22. c4 $5 (22. Rad1
b5 23. c4 (23. axb5 axb5 24. d6 $14) 23... bxc4 24. Qxc4 $14) 22... Bxa1 (22...
b5 23. Rad1 $5 bxc4 24. Qxc4 $14) 23. Rxa1 Re8 (23... b5 24. axb5 (24. c5 $5
bxa4 25. Qc4 $44 {/\c6, o^c} (25. Qc3+ $5)) 24... axb5 25. cxb5 $14 (25. c5 $5)
) (23... Rc8 24. Re1 Re8 $44) 24. Re1 e5 $2 (24... Rc8 $44) (24... Kh7) 25. a5
$3 $16 b5 (25... bxa5 26. c5 a4 27. Qc4 $16) (25... Rb8 $5) 26. c5 Qxa5 27. Rc1
$1 Qc7 (27... Red8 28. d6 Qd2 29. Rd1 $16) 28. c6 Red8 29. Qd3 Kg8 $6 (29...
Rd6 30. f4 $1 $18 (30. Bxd6 Qxd6 31. c7 Rc8 32. Rc6 Qd7 33. Qe4 Kh7 34. Qxe5 b4
$16) 30... exf4 $140 (30... f6 31. Bxd6 Qxd6 32. fxe5 fxe5 33. c7 Rc8 34. Rc6
$18) 31. Qd4+ Kh7 32. Qxf4 Rad8 33. Bxd6 Rxd6 34. Qxd6 Qxd6 35. c7) (29... Rac8
30. d6 Qb6 31. Qd5 (31. c7 $4 Rxc7 $19) 31... Qd4 $8 32. Qxd4 exd4 33. Kf1 a5
34. d7 Rc7 (34... Rxc6 35. Rxc6 Rxd7 36. Ra6 $16) 35. Ke2 $16) (29... Kh7 $5
30. d6 a5 31. Qf3 (31. Qxb5 Rxd6 32. Qb7 Rad8 33. Bxd6 Qxd6 34. Qxf7+ Kh8 35.
h3 $16 a4 $140 36. Qb7 $18) 31... Rxd6 32. Bxd6 Qxd6 33. Qxf7+ Kh8 34. Qd7 (34.
Qb7 Rd8 (34... Qb8 $2 35. Rd1 $1 Qxb7 36. cxb7 Rb8 37. Rd7 $18) 35. h3 (35.
Qxb5 Qc7 $14) 35... Qd2 36. Rf1 Qc3 37. c7 Rf8 38. Rd1 $16) 34... Qd4 35. Qe7
Qf4 36. Rd1 Rf8 37. Qc5 $18) 30. d6 $18 a5 31. Qd1 Rac8 (31... Qb6 32. Bb2 $18)
(31... b4 32. dxc7 Rxd1+ 33. Rxd1 bxa3 34. Rd8+ Kg7 35. Rxa8 a2 36. Rxa5 $18)
32. dxc7 Rxd1+ 33. Rxd1 Rxc7 34. Rd6 b4 35. Bb2 Kf8 36. Bxe5 Ke7 37. g3 b3 (
37... a4 38. Rd4 Rxc6 39. Rxb4 $18) 38. Rd3 Rxc6 39. Rxb3 Ra6 40. Bb2 a4 41.
Ba3+ Ke6 42. Rb5 1-0